000 00805nam a2200241Ia 4500
003 OSt
005 20220923224108.0
006 a|||||r|||| 00| 0
007 ta
008 220922b |||||||| |||| 00| 0 hin d
024 _a225,582
037 _cTextual
040 _aARTS
_cARTS
_bhin
041 _2hin
_ahin
082 _aO153,I00:g, 153N9
100 _aਬ੍ਰਹਮਜਗਦੀF ਸਿੰਘ
245 0 _aਸੰਤ ਕਬੀਰ * ਜੀਵਨ ,ਦਰFਨ ਅਤੇ ਬਾਣੀ
260 _aਅੰਮ੍ਰਿਤਸਰ
_b ਵਾਰਿਸ Fਾਹ ਖ਼ਾਊਜ਼ਡੇFਨ
_c1999
300 _a142gz
_ccm.
650 _aਹਿੰਦੀ ਸਾਹਿਤ
942 _hO153,I00:g, 153N9
_cTEXL
_2CC
999 _c369191
_d369191